000 00522nam a2200181Ia 4500
008 100917s9999 xx 000 0 und d
082 _b20493
100 _aपांगारकर लक्ष्मण रामचंद्र
245 _aएकनाथी भागवत
260 _b---
_c1825
300 _a849
365 _b6
520 _aपुराण
630 _aएकनाथी भागवत
650 _aपुराण
730 _aएकनाथी भागवत
942 _cBOOK
999 _c625887
_d625884